[Event "GER-ch Net Amateur Gr-A Vor3"]
[Site "Playchess.com INT"]
[Date "2020.04.16"]
[Round "2"]
[White "Zwahr, Paul"]
[Black "Goessling, Guido"]
[Result "1-0"]
[WhiteElo "2182"]
[BlackElo "1957"]
[PlyCount "89"]
[EventDate "2020.04.16"]
[EventType "swiss (blitz)"]
[EventRounds "9"]
[EventCountry "GER"]
[SourceTitle "CBM 195 Extra"]
[Source "ChessBase"]
[SourceDate "2020.05.31"]
[SourceVersion "1"]
[SourceVersionDate "2020.05.31"]
[SourceQuality "1"]

1. e4 e5 2. Nf3 Nc6 3. Bc4 Bc5 4. 0-0 Nf6 5. d3 0-0 6. Bg5 d6 7. a4 h6 8. Bh4 Bg4 9. h3 Bh5 10. c3 a6 11. Nbd2 g5 12. Bg3 Ne7 13. b4 Ba7 14. Qb3 Ng6 15. d4 Qe7 16. Rfe1 Nf4 17. Bf1 Kh7 18. Qc2 Rg8 19. dxe5 dxe5 20. Nh2 Rad8 21. Nc4 Bg6 22. Kh1 h5 23. f3 h4 24. Bf2 Bxf2 25. Qxf2 N6h5 26. Ng4 f6 27. Red1 Ng3+ 28. Kg1 Kg7 29. b5 Rxd1 30. Rxd1 axb5 31. axb5 Rd8 32. Rxd8 Qxd8 33. Qc5 Nge2+ 34. Bxe2 Nxe2+ 35. Kf2 Nxc3 36. Ncxe5 fxe5 37. Qxe5+ Kh7 38. Qxc3 Qd6 39. Nf6+ Kh6 40. Nd5 Bf7 41. Qh8+ Kg6 42. Qd4 c6 43. bxc6 bxc6 44. Qb6 Qe7 45. Nxe7+ 1-0

[Event "GER-ch Net blitz qual5"]
[Site "Playchess.com INT"]
[Date "2020.03.28"]
[Round "4"]
[White "Hausrath, Daniel"]
[Black "Zwahr, Paul"]
[Result "1-0"]
[WhiteElo "2475"]
[BlackElo "2278"]
[PlyCount "67"]
[EventDate "2020.03.28"]
[EventType "swiss (blitz)"]
[EventRounds "13"]
[EventCountry "GER"]
[SourceTitle "CBM 195 Extra"]
[Source "ChessBase"]
[SourceDate "2020.05.31"]
[SourceVersion "1"]
[SourceVersionDate "2020.05.31"]
[SourceQuality "1"]

1. Nf3 Nf6 2. g3 g6 3. b3 Bg7 4. Bb2 d6 5. d4 0-0 6. Bg2 Nbd7 7. 0-0 e5 8. dxe5 Ng4 9. Qd2 dxe5 10. c4 f6 11. Nc3 Nh6 12. Rad1 c6 13. Bh3 f5 14. Nxe5 Bxe5 15. Qxh6 Qf6 16. Qc1 Nc5 17. b4 Ne6 18. e3 h5 19. f4 Bc7 20. Nd5 Qf7 21. Nf6+ Kg7 22. Nd7+ Kh6 23. Nxf8 Qxf8 24. Qc3 a5 25. a3 axb4 26. axb4 Ra2 27. Ra1 Rxa1 28. Rxa1 b5 29. c5 g5 30. Ra8 gxf4 31. Rxc8 Qxc8 32. Qf6+ Kh7 33. Bxf5+ Kg8 34. Bxe6+ 1-0

[Event "GER-ch Net blitz qual5"]
[Site "Playchess.com INT"]
[Date "2020.03.28"]
[Round "2"]
[White "Marcziter, Dmitrii"]
[Black "Zwahr, Paul"]
[Result "0-1"]
[WhiteElo "2232"]
[BlackElo "2278"]
[PlyCount "104"]
[EventDate "2020.03.28"]
[EventType "swiss (blitz)"]
[EventRounds "13"]
[EventCountry "GER"]
[SourceTitle "CBM 195 Extra"]
[Source "ChessBase"]
[SourceDate "2020.05.31"]
[SourceVersion "1"]
[SourceVersionDate "2020.05.31"]
[SourceQuality "1"]

1. d4 Nf6 2. c4 g6 3. Nf3 Bg7 4. g3 d6 5. Bg2 0-0 6. 0-0 Nc6 7. Nc3 a6 8. h3 Bd7 9. e4 e5 10. d5 Nd4 11. Nxd4 exd4 12. Qxd4 Qc8 13. Qd1 Bxh3 14. f3 Bxg2 15. Kxg2 Nd7 16. f4 f5 17. exf5 Rxf5 18. Be3 Rf8 19. Bd4 Nf6 20. Qf3 Qf5 21. Rae1 Rae8 22. b3 h5 23. Bxf6 Bxf6 24. Ne4 Bd8 25. Re2 Re7 26. Rfe1 h4 27. Nxd6 Rxe2+ 28. Rxe2 cxd6 29. Re6 Kh7 30. Rxd6 hxg3 31. Qxg3 Bc7 32. Qh4+ Kg7 33. Re6 Bxf4 34. Re7+ Rf7 35. Rxf7+ Qxf7 36. Qg4 Qf5 37. Qxf5 gxf5 38. c5 Be3 39. c6 bxc6 40. dxc6 Bb6 41. b4 Kf6 42. Kf3 Ke5 43. a4 a5 44. bxa5 Bxa5 45. Ke3 Bc7 46. Kf3 Kd5 47. a5 Kxc6 48. a6 Kb6 49. Ke3 Kxa6 50. Kd4 Kb5 51. Kd5 Kb4 52. Ke6 f4 0-1

[Event "GER-ch Net blitz qual4"]
[Site "Playchess.com INT"]
[Date "2020.03.23"]
[Round "9"]
[White "Stein, Robert"]
[Black "Zwahr, Paul"]
[Result "0-1"]
[WhiteElo "2325"]
[BlackElo "2278"]
[PlyCount "118"]
[EventDate "2020.03.23"]
[EventType "swiss (blitz)"]
[EventRounds "9"]
[EventCountry "GER"]
[SourceTitle "CBM 195 Extra"]
[Source "ChessBase"]
[SourceDate "2020.05.31"]
[SourceVersion "1"]
[SourceVersionDate "2020.05.31"]
[SourceQuality "1"]

1. d4 Nf6 2. c4 g6 3. g3 Bg7 4. Bg2 0-0 5. Nf3 d6 6. 0-0 Nc6 7. Nc3 a6 8. b3 Rb8 9. Nd5 e6 10. Nxf6+ Bxf6 11. Bh6 Re8 12. d5 exd5 13. cxd5 Ne7 14. Rc1 c6 15. dxc6 Nxc6 16. Qd2 Be6 17. Rfd1 d5 18. Bg5 a5 19. h4 Qe7 20. h5 Rbd8 21. Bxf6 Qxf6 22. Nd4 Bd7 23. hxg6 hxg6 24. e3 Ne5 25. Qxa5 Bg4 26. Rd2 Kg7 27. f4 Nc6 28. Nxc6 bxc6 29. Qc3 d4 30. Rxd4 Rxe3 31. Qxe3 Rxd4 32. Rxc6 Qd8 33. Qe5+ Kh7 34. Rc7 Be6 35. Rc1 Rd2 36. a4 Rxg2+ 37. Kxg2 Qd2+ 38. Kf3 Qxc1 39. Qb5 Qd1+ 40. Ke4 Bxb3 41. a5 Qb1+ 42. Kd4 Qg1+ 43. Kc3 Qxg3+ 44. Kb2 Be6 45. a6 Qxf4 46. Qb7 Qd2+ 47. Ka3 Qa5+ 48. Kb2 Bd5 49. Qb8 Qxa6 50. Qh2+ Kg8 51. Kc3 Qf6+ 52. Kb4 Be6 53. Kc5 Kg7 54. Kd6 Qf5 55. Qb2+ Qf6 56. Qh2 g5 57. Kc5 Qf4 58. Qb2+ Kg6 59. Qh2 Qxh2 0-1

[Event "GER-ch Net blitz qual3"]
[Site "Playchess.com INT"]
[Date "2020.03.21"]
[Round "5"]
[White "Gypser, Andreas"]
[Black "Zwahr, Paul"]
[Result "0-1"]
[WhiteElo "2143"]
[BlackElo "2278"]
[PlyCount "138"]
[EventDate "2020.03.21"]
[EventType "swiss (blitz)"]
[EventRounds "9"]
[EventCountry "GER"]
[SourceTitle "CBM 195 Extra"]
[Source "ChessBase"]
[SourceDate "2020.05.31"]
[SourceVersion "1"]
[SourceVersionDate "2020.05.31"]
[SourceQuality "1"]

1. e4 c5 2. Nf3 e6 3. Qe2 Nc6 4. g3 g6 5. Bg2 Bg7 6. 0-0 e5 7. c3 Nge7 8. d3 d6 9. Re1 0-0 10. Nbd2 Be6 11. Nf1 h6 12. h4 b6 13. Be3 d5 14. exd5 Nxd5 15. Rad1 Qd7 16. a3 Rae8 17. Bc1 Kh7 18. Ne3 Nxe3 19. Bxe3 Bg4 20. Qc2 Qf5 21. Qe2 Nd4 22. cxd4 exd4 23. Rd2 Re6 24. Qd1 dxe3 25. Rxe3 Bd4 26. Rxe6 fxe6 27. Nxd4 cxd4 28. Qe1 Rc8 29. Qe4 Qxe4 30. dxe4 e5 31. f3 Be6 32. f4 exf4 33. gxf4 Rf8 34. f5 gxf5 35. exf5 Bxf5 36. Rxd4 Kg6 37. Rd6+ Kh5 38. Bf3+ Kxh4 39. Rxh6+ Kg3 40. Bg2 Rc8 41. Rd6 Rc1+ 42. Bf1 Rb1 43. b4 Be4 44. Re6 Kf4 45. Kf2 Rb2+ 46. Be2 Bd3 47. Re7 Ra2 48. Rf7+ Ke5 49. Re7+ Kd6 50. Re3 Bxe2 51. Rxe2 Rxa3 52. Re4 Kc6 53. Ke2 Kb5 54. Kd2 Rb3 55. Re7 a6 56. Kc2 Rxb4 57. Re5+ Ka4 58. Re6 a5 59. Kc3 b5 60. Ra6 Rh4 61. Rg6 Ka3 62. Kc2 b4 63. Rg3+ Ka2 64. Rg2 a4 65. Kc1+ Ka1 66. Kc2 b3+ 67. Kc3 Rh3+ 68. Kb4 b2 69. Kxa4 b1Q 0-1